<La> modernización del sector agropecuario: un cambio de paradigma.
Podstata transformácie technologickej, ekonomickej, sociálnej a ekologickej základne poľnohospodárskej a živočíšnej výroby v posledných desaťročiach a špecifická situácia v Latinskej Amerike. Nutnosť novej paradigmy v tomto sektore, základom ktorej musí byť integrita s ekológiou.
Enregistré dans:
| Auteur principal: | |
|---|---|
| Format: | Chapitre de livre |
| Langue: | espagnol |
| Sujets: | |
| Tags: |
Pas de tags, Soyez le premier à ajouter un tag!
|
MARC
| LEADER | 00000naa a2200000 4500 | ||
|---|---|---|---|
| 001 | r006586 | ||
| 005 | 20221130102740.4 | ||
| 041 | 0 | |a spa | |
| 044 | |a MX | ||
| 245 | 1 | 0 | |a <La> modernización del sector agropecuario: un cambio de paradigma. |c A. Cebreros |
| 520 | |a Podstata transformácie technologickej, ekonomickej, sociálnej a ekologickej základne poľnohospodárskej a živočíšnej výroby v posledných desaťročiach a špecifická situácia v Latinskej Amerike. Nutnosť novej paradigmy v tomto sektore, základom ktorej musí byť integrita s ekológiou. | ||
| 610 | 2 | 0 | |a modernizácia |
| 610 | 2 | 0 | |a poľnohospodárstvo |
| 610 | 2 | 0 | |a výroba živočíšna |
| 610 | 2 | 0 | |a Latinská Amerika |
| 610 | 2 | 0 | |a ekológia |
| 100 | 1 | |a Cebreros, A. | |